|
|
|
|
| LEADER |
00000nam a2200000 a 4500 |
| 001 |
vtls001360796 |
| 003 |
SK-MaSNL |
| 005 |
20260301010647.0 |
| 008 |
240314s1976 xx 0 und |
| 035 |
|
|
|a SNK000314362
|
| 040 |
|
|
|a SNK
|b slo
|c SNK
|e AACR2
|
| 041 |
0 |
|
|a ukr
|
| 044 |
|
|
|a un
|c UA
|
| 072 |
|
7 |
|a 821.16.09
|x Slovanské literatúry (o nich)
|2 konspekt
|
| 080 |
|
|
|a 821.16
|2 2011
|
| 080 |
|
|
|a 821.161.2
|2 2011
|
| 080 |
|
|
|a 82.091
|2 2011
|
| 080 |
|
|
|a (048.8)
|2 2011
|
| 100 |
1 |
|
|a Pohrebennyk, Fedir Petrovyč,
|d 1929-2001
|4 aut
|9 292816
|
| 245 |
1 |
0 |
|a Vasyl' Stefanyk u slov'jans'kych literaturach
|c F.P. Pohrebennyk
|
| 260 |
|
|
|a Kyjiv
|b Naukova dumka
|c 1976
|
| 300 |
|
|
|a 293 s.
|
| 600 |
1 |
7 |
|a Stefanyk, Vasyl',
|d 1871-1936
|2 SVKPO
|9 292817
|
| 648 |
|
7 |
|a 19.-20. storočie
|2 SNKPH
|9 279491
|
| 650 |
0 |
7 |
|a slovanské literatúry
|2 SNKPH
|9 3630
|
| 650 |
0 |
7 |
|a ukrajinská literatúra
|2 SNKPH
|9 1218
|
| 650 |
0 |
7 |
|a literárne vplyvy (ukrajinské)
|2 SNK
|9 292818
|
| 655 |
|
7 |
|a monografie
|2 SNKPH
|9 70139
|
| 958 |
|
|
|a OND
|
| 999 |
|
|
|c 548765
|d 550695
|
| 952 |
|
|
|t P60, <03>, [BOOK], {603}
|a SNK
|b SNK
|y PREZ
|7 0
|p 17A0190160
|o snkSC 40307
|0 0
|1 0
|4 0
|d 1999-04-20
|l 0
|r 2025-10-15 00:00:00
|w 2026-02-23
|